[Event "RUS-chT Blitz Men 2018"]
[Site "Sochi"]
[Date "2018.10.10"]
[Round "15"]
[White "Kamsky, Gata"]
[Black "Dilmukhametov, Artur"]
[Result "1/2-1/2"]
[WhiteElo "2666"]
[BlackElo "2353"]
[Annotator "TA"]
[PlyCount "96"]
[EventDate "2018.10.10"]
[EventType "swiss"]
[EventCountry "RUS"]
[SourceTitle "playchess.com"]
[Source "ChessBase"]
[SourceQuality "1"]

{[%evp 9,96,-2,44,40,34,-8,43,43,45,39,36,22,39,26,71,70,75,76,68,68,77,72,132,126,136,134,146,126,145,56,60,61,69,57,60,50,85,90,156,70,73,71,72,69,81,82,69,79,56,-17,-16,-12,-17,-31,0,0,16,8,29,-56,15,-378,-378,-365,-36,-26,-25,-14,0,-41,-35,-36,0,-56,0,0,0,0,0,0,0,-8,-8,-8,-8,-8,0,0,0]} 1. d4 d5 2. Bf4 Nf6 3. e3 c6 4. c4 a6 (4... e6 5. Nc3 Bd6 6. Bxd6 Qxd6 7. Nf3 O-O 8. Qc2 Nbd7 9. Rd1 b6 10. Be2 Bb7 11. O-O Qe7 12. e4 dxe4 13. Nxe4 c5 14. Nc3 cxd4 15. Nxd4 {1-0 (46) Kramnik,V (2777)-Dubov,D (2661) Berlin 2015 CBM 168 Extra [Schulz,André]}) 5. c5 Bf5 6. Nc3 {D10: Slav Defence: 3 cxd5 (without early Nf3) and 3 Nc3} Nbd7 7. h3 Ne4 (7... e5 $11 8. dxe5 Ne4) 8. Nf3 $14 {White is slightly better.} e6 9. Qb3 Ra7 10. Be2 Be7 11. Ne5 $146 ({Predecessor:} 11. Nxe4 Bxe4 12. O-O O-O 13. Rfe1 Bxf3 14. Bxf3 e5 15. Bh2 {1-0 (43) Pletl,A (2169)-Vajdic,N (2260) Banja Junakovic 2007}) 11... Nxc3 12. bxc3 O-O 13. O-O f6 14. Nxd7 Qxd7 15. c4 e5 (15... Bd8 $142) 16. dxe5 $16 Bxc5 17. cxd5 cxd5 18. Rad1 Be6 19. Qc3 (19. exf6 $16 gxf6 20. Bg4 $1 {[%mdl 512]}) 19... b6 $14 20. exf6 Rxf6 21. Be5 Rf8 22. Kh2 Qf7 23. f4 Bf5 {[#]} (23... Qe7 $142) 24. Bf3 (24. Rxd5 $1 $16 {[%mdl 512] Threatens to win with Bc4.} a5 (24... Qxd5 25. Bc4) 25. Bc4) 24... Rd7 25. Bd4 Rc8 26. Rf2 Rdd8 27. Qb3 Be4 28. Bxe4 dxe4 29. Rfd2 (29. Qa4 $14) 29... Qxb3 $11 30. axb3 Bb4 31. Rf2 b5 32. f5 Rd6 33. Rf4 Re8 34. h4 {[#]} ({Better is} 34. Rg4 $11 Rd7 35. Rc1) 34... Rd5 (34... Bc5 $1 $15 {[%mdl 512]}) 35. h5 $2 {[%mdl 8192]} (35. Rg4 $11 {and White has nothing to worry.} Bf8 36. Rf1) 35... Bd6 $1 $19 {[%csl LRf4,LRf5]} 36. Kg3 Rxf5 $2 (36... Rf8 $19 37. Kg4 Bxf4 38. Kxf4 Rdxf5+ 39. Kxe4 Rxh5) 37. Kg4 $15 Rxf4+ 38. exf4 $11 {[%mdl 4096] Endgame KRB-KRB} e3 {[%cal Be4e3,Be3e2][%mdl 32]} 39. Kf3 e2 40. Re1 Kf7 41. g3 ({White should play} 41. f5 $11) 41... g6 (41... a5 $15) 42. hxg6+ {The position is equal.} hxg6 43. Rxe2 Rxe2 44. Kxe2 {KB-KB} a5 45. Kd3 a4 46. bxa4 $1 bxa4 47. Be3 g5 48. fxg5 Bxg3 {Precision: White = 41%, Black = 35%.} 1/2-1/2

[Event "RUS-chT Blitz Men 2018"]
[Site "Sochi"]
[Date "2018.10.10"]
[Round "15"]
[White "Motylev, Alexander"]
[Black "Ivanova, Karina"]
[Result "1-0"]
[WhiteElo "2661"]
[BlackElo "2124"]
[Annotator "TA"]
[PlyCount "62"]
[EventDate "2018.10.10"]
[EventType "swiss"]
[EventCountry "RUS"]
[SourceTitle "playchess.com"]
[Source "ChessBase"]
[SourceQuality "1"]

{[%evp 15,62,21,45,49,57,57,60,59,59,59,54,54,61,62,58,50,45,47,49,16,18,27,43,12,10,10,52,43,44,15,45,31,129,132,129,95,81,91,95,81,117,120,248,235,280,280,463,465,441]} 1. e4 c6 2. d4 d5 3. e5 Bf5 4. Nf3 e6 5. Be2 Nd7 6. c3 h6 7. O-O Ne7 {[%cal Bg8e7,Be7c8,Bc8a7,Ba7b5][%mdl 32]} 8. Nbd2 {B12: Caro-Kann: Advance Variation} Nc8 {LiveBook: 4 Games} (8... c5 9. dxc5 Nxc5 10. Nd4 Nd7 11. Nxf5 Nxf5 12. Bd3 Ne7 13. Nf3 Nc6 14. Re1 Qc7 15. Qe2 g5 {0-1 (50) Karjakin,S (2773)-Mamedyarov,S (2801) Saint Louis 2018}) 9. a4 {[%cal Ba2a4,Ba4a5][%mdl 32]} Be7 10. a5 $146 {White is slightly better.} ({Predecessor:} 10. Ne1 c5 11. g4 Bh7 12. f4 cxd4 13. cxd4 Qb6 14. Nb3 a5 15. Bd2 {1-0 (27) Svetushkin,D (2554)-Roos,D (2435) France 2010}) 10... a6 11. b4 O-O 12. Ne1 f6 13. f4 Na7 14. Ndf3 Nb5 15. Bd2 fxe5 16. fxe5 Qe8 17. g3 Qg6 18. Ng2 {Strongly threatening Nfh4.} Bd3 19. Nfh4 Bxh4 $1 20. Nxh4 Qh7 21. Ng2 {[%cal Bh4g2,Bg2e3,Be3g4,Bg4f2][%mdl 32]} g5 22. Ne3 Bxe2 23. Qxe2 Qe4 (23... Qg6 $14) 24. Qh5 $36 {[%mdl 2048] Black must now prevent Nf5! White is in control.} Kg7 25. Ng4 Qg6 {[#]} 26. Qxg6+ $1 Kxg6 27. Kg2 h5 28. Nf2 g4 (28... Rf5 $16) 29. Nd3 $18 Rxf1 30. Rxf1 ({Not} 30. Kxf1 Kf7 $16) 30... Nf8 $2 {[#]} (30... Rh8 31. Nf4+ Kf5 32. Nxd5+ Ke4) 31. Nf4+ Kf5 {Precision: White = 78%, Black = 47%.} 1-0

[Event "RUS-chT Blitz Men 2018"]
[Site "Sochi"]
[Date "2018.10.10"]
[Round "15"]
[White "Morozevich, Alexander"]
[Black "Tekeyev, Zaur"]
[Result "1-0"]
[WhiteElo "2656"]
[BlackElo "2392"]
[Annotator "TA"]
[PlyCount "74"]
[EventDate "2018.10.10"]
[EventType "swiss"]
[EventCountry "RUS"]
[SourceTitle "playchess.com"]
[Source "ChessBase"]
[SourceQuality "1"]

{[%evp 14,74,31,44,34,33,32,27,29,28,30,22,31,30,35,35,35,33,66,58,62,58,57,27,41,16,118,41,88,88,81,14,11,18,352,356,329,236,268,262,410,394,400,398,379,378,322,278,266,224,333,215,213,214,201,199,176,114,41,0,6,0,247]} 1. e4 c5 2. Nf3 Nc6 3. d4 cxd4 4. Nxd4 e5 5. Nb5 {[%cal Bd4b5,Bb5a3,Ba3c4,Bc4e3,Be3d5][%mdl 32]} d6 6. N1c3 a6 7. Na3 Be7 8. Nc4 b5 {[%cal Bb7b5,Bb5b4][%mdl 32] B32: Sicilian: Löwenthal and Kalashnikov Variations} 9. Ne3 $1 Nf6 10. g3 O-O {White has an edge.} 11. Bg2 b4 12. Ncd5 Nxd5 13. Nxd5 Bg5 14. Bxg5 Qxg5 15. a3 Rb8 16. axb4 $1 Nxb4 {[#]} 17. Ne3 $146 Qd8 18. O-O (18. c3 $5 {[%cal Rc3b4]} Nc6 19. Qa4 $14) 18... a5 19. c3 Nc6 {[#]} (19... Na6 $11 {keeps the balance.}) 20. Qd2 ({White should try} 20. Qa4 $1 $16 {[%cal Ra4c6]} Qb6 21. Rfd1) 20... Qc7 21. Rfd1 $36 {[%mdl 2048] White is in control.} Rd8 22. h4 (22. Bf1 $16) 22... Be6 $11 23. Nf5 d5 $2 {[%mdl 8192] [#]} (23... Bb3 $11) 24. Nxg7 $1 $18 {[%mdl 512]} Kxg7 ({Much worse is} 24... Bg4 {[#]} 25. Qg5 $1 $18 {[%mdl 512]}) 25. exd5 f6 26. Qe2 Bd7 (26... Bxd5 {was necessary.} 27. Bxd5 (27. Rxd5 Rxd5 28. Bxd5 Ne7 $18) 27... Nd4 28. cxd4 Rxd5) 27. dxc6 Bxc6 28. Rxd8 Rxd8 29. Qc4 Rd6 30. Bxc6 Rxc6 {[%mdl 4096] Endgame KQR-KQR} 31. Qg4+ Kf7 (31... Kh6 {keeps fighting.} 32. Qf3 Rd6 33. Qe3+ Kg6 34. h5+ Kxh5) 32. Rd1 Rd6 33. Rxd6 Qxd6 34. Qc4+ Kg7 35. b4 ({White should play} 35. Qb5 $18) 35... a4 $16 {[%cal Ba5a4,Ba4a3][%mdl 32]} 36. b5 a3 37. Qb3 Qb6 $2 {Precision: White = 53%, Black = 52%.} (37... e4 $1 $11 {and Black stays safe.} 38. Qa4 e3) 1-0

[Event "RUS-chT Blitz Men 2018"]
[Site "Sochi"]
[Date "2018.10.10"]
[Round "15"]
[White "Alekseenko, Kirill"]
[Black "Triapishko, Alexandr"]
[Result "1-0"]
[WhiteElo "2639"]
[BlackElo "2508"]
[Annotator "TA"]
[PlyCount "133"]
[EventDate "2018.10.10"]
[EventType "swiss"]
[EventCountry "RUS"]
[SourceTitle "playchess.com"]
[Source "ChessBase"]
[SourceQuality "1"]

{[%evp 14,133,30,20,27,43,39,-27,-13,-22,-30,-29,0,0,20,16,30,39,39,34,41,44,48,48,62,52,60,38,44,43,52,31,31,22,43,41,45,39,47,47,50,49,54,46,57,41,55,41,55,43,70,50,88,86,100,75,84,63,63,73,70,70,82,82,82,76,232,86,250,36,36,48,85,79,84,0,69,71,58,49,311,279,422,418,416,379,351,300,308,294,301,278,235,35,977,1056,1059,1072,1007,780,1124,265,264,260,255,260,1602,1446,1520,480,2173,1778,29981,29982,29981,29981,29986,29987,29987,29988,29992,29993]} 1. e4 c6 2. d4 d5 3. exd5 cxd5 4. Bd3 Nf6 5. h3 Nc6 6. c3 e5 7. dxe5 Nxe5 8. Nf3 Bd6 {B13: Caro-Kann: Exchange Variation and Panov-Botvinnik Attack} 9. Nxe5 Bxe5 10. Qe2 $146 (10. f4 Bd6 $15) (10. O-O $14) ({Predecessor:} 10. Nd2 O-O 11. Nf3 Bc7 12. O-O Re8 13. Re1 Rxe1+ 14. Qxe1 Qd6 15. Be3 Bd7 16. Qd2 {½-½ (34) Radjabov,T (2735)-Ivanchuk,V (2751) Odessa 2008}) 10... O-O $1 $11 {Black has an edge.} 11. O-O (11. Qxe5 $2 Re8 $17) 11... Re8 12. Qf3 h6 13. Na3 {[%cal Bb1a3,Ba3c2,Bc2d4][%mdl 32]} Bb8 14. Bf4 Bxf4 15. Qxf4 Bd7 16. Qd4 Qc7 17. Rfe1 a6 18. Nc2 Rac8 19. Re3 Qc5 20. Rae1 Qxd4 21. Nxd4 Kf8 22. Rxe8+ Rxe8 23. Rd1 Ke7 24. Bc2 Kd6 25. f3 g6 26. Kf2 h5 27. h4 Re7 28. Bb3 Re8 29. Ne2 Be6 30. Rd2 Rd8 31. Kg3 Ke7 32. Nd4 Kd6 33. Kf4 Nh7 34. Re2 Rc8 35. Bc2 {[#] aiming for Bxg6!} Bd7 36. Rd2 Re8 37. Bb3 Be6 38. Nc2 Nf6 39. Ne3 Kc5 $2 (39... b5 $16) 40. Rd4 (40. Kg5 $18 {and the rest is easy.} Nh7+ 41. Kh6) 40... b5 $2 (40... Rb8 $16 {was necessary.}) 41. Nc2 $2 ({White has to play} 41. Kg5 $18 Nd7 42. Nxd5 (42. Bxd5 Bxd5 43. Rxd5+ Kc6 $11) 42... Bxd5 43. Rxd5+ Kc6 44. Rd4) 41... a5 $14 42. a3 Ng8 43. Rd2 Ne7 44. Ne3 (44. Nd4 $16) 44... Rd8 (44... a4 $11 45. Ba2 Nc6) 45. Ke5 $1 Nc6+ 46. Kf6 d4 $2 {[%mdl 8192]} ({Black should play} 46... b4 $14) 47. cxd4+ $18 Rxd4 (47... Nxd4 $142 48. Bxe6 Nxe6) 48. Rxd4 Kxd4 49. Bxe6 fxe6 {[%mdl 4096] Endgame KN-KN} 50. Nd1 Ne5 51. Nc3 ({But not} 51. Kxe6 $6 b4 $16) 51... b4 52. axb4 ({Weaker is} 52. Kxe6 Nd3 $11) 52... axb4 53. Ne2+ $2 ({Inferior is} 53. Kxe6 Nd3 $11) (53. Na2 $18) 53... Kd5 $2 {[%mdl 8192]} (53... Ke3 $14 54. Kxe5 Kxe2) 54. Nf4+ Kd6 55. b3 Nd7+ 56. Kxg6 Nc5 57. Kxh5 $2 (57. g4) 57... e5 58. Ne2 Nxb3 {[#]} 59. Kg6 $1 {Strongly threatening h5.} Nd4 $2 (59... Ke7 60. h5 Kf8) 60. Nc1 Ne6 61. g3 (61. Kf6 $142 Nf4 62. g4 Nd5+ 63. Kf7) 61... Nd4 (61... Ke7 $142 62. h5 Kf8) 62. h5 Nxf3 63. h6 {White mates.} e4 64. h7 b3 65. h8=Q Ne5+ 66. Kf5 b2 67. Qxe5+ {Precision: White = 48%, Black = 23%.} 1-0

[Event "RUS-chT Blitz Men 2018"]
[Site "Sochi"]
[Date "2018.10.10"]
[Round "15"]
[White "Lysyj, Igor"]
[Black "Demidov, Mikhail"]
[Result "1-0"]
[WhiteElo "2631"]
[BlackElo "2514"]
[Annotator "TA"]
[PlyCount "183"]
[EventDate "2018.10.10"]
[EventType "swiss"]
[EventCountry "RUS"]
[SourceTitle "playchess.com"]
[Source "ChessBase"]
[SourceQuality "1"]

{[%evp 17,183,45,56,55,58,48,48,43,56,50,47,40,58,54,81,49,65,60,52,52,88,81,70,60,62,73,64,28,45,39,29,10,38,17,15,0,8,8,16,0,7,0,0,-8,38,8,33,0,27,0,0,-13,0,0,29,0,35,0,0,0,9,-64,0,-10,0,0,0,0,97,91,83,0,0,0,5,0,0,0,56,-36,0,0,0,0,58,57,81,-35,19,15,54,42,96,70,81,30,67,65,97,68,77,8,65,8,10,18,22,6,14,0,8,0,0,0,0,0,0,-382,0,0,0,0,45,44,42,42,41,42,363,229,361,352,405,400,558,551,614,580,1010,1010,1010,1010,1010,1010,1010,1010,977,958,931,877,858,805,29986,29973,29965,0,29984,0,29955,6361,29979,29980,29989,29990,29990,29991,29993,29994]} 1. d4 d5 2. c4 c6 3. Nf3 Nf6 4. g3 Bf5 5. Nc3 e6 6. Qb3 {D11: Damengambit (Slawische Verteidigung)} Qb6 7. c5 Qc7 8. Bf4 Qc8 9. Nh4 Bg6 {LiveBook: 5 Partien} 10. Nxg6 hxg6 11. Bg2 Nbd7 12. O-O Be7 13. Qc2 $146 O-O 14. b4 Bd8 15. b5 Bc7 16. bxc6 bxc6 17. Bd2 e5 18. e3 Qa6 19. Rfb1 Rfb8 20. Bf1 Qc8 21. Qa4 Bd8 22. Rb3 a5 23. Rab1 Rxb3 24. axb3 Qb7 25. Ne2 Ne4 {[%cal Bf6e4,Be4g5,Bg5e6,Be6c7,Bc7b5][%mdl 32]} 26. Be1 Ng5 27. Bg2 Ne6 28. Bc3 exd4 29. exd4 Ndf8 30. Qa2 Qb5 31. Qc2 Bf6 32. h4 Nc7 33. Bf1 Nfe6 34. Ra1 Qb7 35. Ra4 Nb5 36. Bb2 {[%cal Bc3b2,Bb2c1,Bc1d2][%mdl 32]} Qc7 37. Qd2 (37. Bh3 $5 {[%cal Rh3e6]}) 37... g5 38. h5 g4 39. Bg2 (39. Nf4 $11 Nxf4 40. gxf4) 39... Ng5 (39... Re8 $15) 40. Qd3 Qd7 41. Bc1 Qe6 42. Bd2 Bd8 (42... Re8 $11 43. Nf4 Qd7) 43. Nf4 $16 Qd7 44. Ra1 (44. b4 $16) 44... Bf6 45. Ne2 Bd8 46. Nf4 Bf6 47. Ne2 Qd8 (47... Ne4 $11) 48. Re1 (48. Bxg5 $1 $14 Bxg5 49. Qf5) 48... Ra7 49. Ra1 Ne6 {[%cal Rb5d4]} 50. Be3 Ng5 (50... Qd7 $11) 51. Qf5 Ne6 {[%cal Rf6d4]} 52. Rd1 (52. Qxg4 $16 Qd7 53. Bh3) 52... Bg5 (52... Qd7 $15) 53. Qxg4 $11 Bxe3 54. fxe3 a4 (54... Nbc7 $14) 55. bxa4 $16 Rxa4 56. h6 ({Lieber} 56. Nf4 $16 Ng5 57. Rb1) 56... Qf6 57. hxg7 Qxg7 58. Qxg7+ Kxg7 59. Nf4 ({Besser ist} 59. Rd2 $16) 59... Ng5 (59... Nc3 $11 60. Rd3 Rc4) 60. Nd3 (60. Rb1 $14) 60... Nc3 $11 61. Re1 f6 62. Nf4 Ra2 63. Rc1 (63. g4 {is more complex.} Ra3 64. Nd3 Na2 65. Nf2 Nc3 66. Kf1) 63... Nge4 64. Bxe4 Nxe4 {[%mdl 4096] Endspiel KTS-KTS} 65. Ne6+ Kg6 66. Nd8 Nxg3 67. Re1 $2 {[%mdl 8192] [#]} (67. Rb1 $11) 67... Ra6 $2 (67... Kf5 $1 $19 68. Nxc6 Ke4) 68. Rb1 Ne2+ 69. Kg2 Ra2 {Weiss muss nun ...Sc3+ beachten.} 70. Kf3 Nc3 71. Rg1+ Kf5 72. Nxc6 {zielt auf Se7+ ab.} Ra3 $2 {[%mdl 8192]} (72... Ne4 $14 73. Ne7+ Ke6) 73. Ne7+ $18 Ke6 74. Ng6 Nb5 75. Nf4+ Kf5 76. Rd1 Rb3 77. Nxd5 Ke6 78. Nf4+ Kd7 79. d5 f5 80. c6+ Kd6 81. Rh1 Nd4+ 82. Kf2 Rb2+ 83. Kg3 {[#] Und weiter mit Th6+ wäre nett.} Rb3 84. Rh6+ Ke7 85. Kf2 Rb2+ 86. Kg3 Rb3 $1 87. Kf2 Rb2+ 88. Ke1 Nf3+ 89. Kd1 {Weiß setzt Matt.} Rb3 90. d6+ {[%cal Bd5d6,Bd6d7][%mdl 32]} Kf7 91. c7 Rc3 92. d7 {Precision: Weiß = 46%, Schwarz = 40%.} 1-0

[Event "RUS-chT Blitz Men 2018"]
[Site "Sochi"]
[Date "2018.10.10"]
[Round "15"]
[White "Grachev, Boris"]
[Black "Diakonova, Ekaterina"]
[Result "1/2-1/2"]
[WhiteElo "2626"]
[BlackElo "2236"]
[Annotator "TA"]
[PlyCount "62"]
[EventDate "2018.10.10"]
[EventType "swiss"]
[EventCountry "RUS"]
[SourceTitle "playchess.com"]
[Source "ChessBase"]
[SourceQuality "1"]

{[%evp 9,62,5,18,-27,-20,-25,-24,-27,-32,-27,-31,-16,-7,-9,-12,-14,-18,-18,-15,-28,-28,-43,-18,-17,-17,-19,-12,-14,-6,-7,16,9,9,9,8,-5,0,0,16,-19,18,13,8,23,33,-87,-87,-87,-24,-87,-87,-87,-87,-92,-83]} 1. d4 Nf6 2. Nf3 b6 3. Bf4 Bb7 4. e3 e6 5. h3 Bd6 (5... Be7 6. Nbd2 O-O 7. Bd3 c5 8. O-O cxd4 9. exd4 d6 10. a4 a6 11. c4 Nc6 12. Qb3 d5 13. c5 Nd7 14. Rfc1 a5 15. cxb6 Nxb6 {0-1 (36) Naiditsch,A (2705)-Ponomariov,R (2694) Riadh 2017}) 6. Ne5 {A47: 1 d4 Nf6 2 Nf3 b6: Torre, London and Colle Systems} O-O 7. Nd2 $146 ({Predecessor:} 7. Bh2 Ne8 8. Nd2 f6 9. Nef3 f5 10. c3 Nf6 11. Qc2 Ne4 12. Ne5 Be7 13. Ndf3 {½-½ (108) Frometa Castillo,Z (2170)-Blanco Fernandez,A (2345) Matanzas 1994}) 7... Nd5 8. Bh2 {Black has an edge.} f6 9. Nef3 Bxh2 10. Nxh2 f5 11. Nhf3 Nf6 12. Be2 d6 13. O-O Nbd7 14. a4 a5 15. Ne1 Ne4 16. Nxe4 Bxe4 17. Bf3 Nf6 18. Bxe4 Nxe4 19. Nf3 Ng5 20. Nxg5 Qxg5 21. Qf3 Rae8 22. Ra3 {[%cal Ba1a3,Ba3c3,Bc3c6][%mdl 32]} Qh4 23. Rc3 Re7 (23... Rf7 {seems wilder.} 24. Qe2 g6 25. b3 g5 26. Rc4 Qh6) 24. Re1 Qe4 25. Qxe4 fxe4 $11 {[%mdl 4096] Endgame KRR-KRR} 26. Rc6 Kf7 27. c4 (27. c3 $1 $14 {keeps the upper hand.}) 27... Ke8 $17 28. d5 e5 (28... Kd7 $17) 29. b3 (29. b4 $11 {remains equal.}) 29... Kd7 {Black is better.} 30. Re2 Ref7 31. g3 Re7 {Precision: White = 52%, Black = 49%.} 1/2-1/2

[Event "RUS-chT Blitz Men 2018"]
[Site "Sochi"]
[Date "2018.10.10"]
[Round "15"]
[White "Oparin, Grigoriy"]
[Black "Zvjaginsev, Vadim"]
[Result "1/2-1/2"]
[WhiteElo "2624"]
[BlackElo "2644"]
[Annotator "TA"]
[PlyCount "25"]
[EventDate "2018.10.10"]
[EventType "swiss"]
[EventCountry "RUS"]
[SourceTitle "playchess.com"]
[Source "ChessBase"]
[SourceQuality "1"]

{[%evp 23,25,22,56,37]} 1. Nf3 c5 2. c4 Nc6 3. d4 cxd4 4. Nxd4 g6 5. e4 Nf6 {[%cal Bg8f6,Bf6d7,Bd7c5][%mdl 32]} 6. Nc3 d6 7. Nc2 Bg7 8. Be2 O-O 9. O-O Nd7 10. Bd2 Nc5 11. b4 Nd7 {B37: Sicilian: Maroczy Bind with 5...Bg7, sidelines} 12. Rb1 b6 {LiveBook: 7 Games} 13. f3 $146 ({Predecessor:} 13. Qe1 Bb7 14. Be3 Rc8 15. f4 e6 16. Rd1 Ne7 17. Rxd6 Bxc3 18. Qxc3 Bxe4 19. Qd2 Rc7 20. Nd4 Qc8 21. Nb5 Rb7 22. Rd4 Nf6 23. Nd6 {1-0 (23) Svidler,P (2739)-Nielsen,P (2680) Copenhagen 2010}) 1/2-1/2

[Event "RUS-chT Blitz Men 2018"]
[Site "Sochi"]
[Date "2018.10.10"]
[Round "15"]
[White "Indjic, Aleksandar"]
[Black "Nuristani, Iman"]
[Result "1-0"]
[WhiteElo "2604"]
[BlackElo "2242"]
[Annotator "TA"]
[PlyCount "58"]
[EventDate "2018.10.10"]
[EventType "swiss"]
[EventCountry "RUS"]
[SourceTitle "playchess.com"]
[Source "ChessBase"]
[SourceQuality "1"]

{[%evp 13,58,25,23,16,22,22,41,35,62,39,47,7,84,77,69,98,132,137,131,119,226,287,884,864,1010,1007,937,916,2277,2209,1780,1750,1662,591,29990,1674,1659,1611,1491,1531,1535,516,518,515,1466,1341,29979]} 1. d4 Nf6 2. c4 e6 3. Nc3 Bb4 4. Qc2 O-O 5. Bg5 d5 6. cxd5 exd5 7. e3 c6 8. Bd3 {Black should prevent Bxh7+! E35: Nimzo-Indian: Classical: 4...d5 5 cxd5 exd5} h6 9. Bh4 Be6 (9... Re8 10. Nf3 Nbd7 11. O-O Be7 12. Rab1 a5 13. a3 b6 14. b4 Bb7 15. Rfe1 axb4 16. axb4 Nf8 17. Qb3 b5 18. Bxf6 Bxf6 19. e4 dxe4 20. Bxe4 {0-1 (40) Miljkovic,M (2490)-Savic,M (2526) Pirot 2016}) 10. Nge2 {White is slightly better.} Bd6 11. f3 Nbd7 12. g4 $146 ({Predecessor:} 12. O-O Qc7 13. h3 a6 14. e4 dxe4 15. fxe4 Bb4 16. e5 Nd5 17. Nxd5 Bxd5 18. a3 {1-0 (29) Grabner,H (2190)-Rice,R (1416) ICCF email 2012}) 12... Qc7 (12... Re8 $11) 13. g5 hxg5 14. Bxg5 a6 15. O-O-O c5 16. Rdg1 c4 {[#]} (16... Rfc8 $16) 17. Bf5 $1 $18 b5 $2 (17... Qd8 18. Bf4 Qb6) 18. Bh6 {White wants to mate with Bh7+!} Ne8 {[#]} 19. Rxg7+ $1 {[%mdl 512]} Nxg7 20. Rg1 {White threatens Bh7+ and mate.} Rfe8 21. Rxg7+ Kf8 22. Bxe6 Rxe6 23. Nxd5 (23. Qf5 $142 {[%csl Gg7][%cal Rf5f7]} Rf6 24. Qg5) 23... Qc6 24. Rg6+ (24. Qf5 $142 Ke8 25. Qxf7+ Kd8 26. Qxe6 Kc8 27. Ne7+ Kb7 28. Nxc6 Rc8 29. Qxd6) 24... Ke8 {White is clearly winning.} 25. Rxe6+ fxe6 26. Qg6+ Kd8 27. Qg8+ (27. Qxe6 $142 Rb8 28. Bg5+ Kc8 29. Ne7+ Bxe7 30. Qxc6+ Kd8 31. Bxe7+ Kxe7 32. Nf4) 27... Nf8 28. Bxf8 Qxd5 (28... exd5 $142 29. Bxd6+ Kd7) 29. e4 Bf4+ {Precision: White = 62%, Black =  9%.} 1-0

[Event "RUS-chT Blitz Men 2018"]
[Site "Sochi"]
[Date "2018.10.10"]
[Round "15"]
[White "Kryakvin, Dmitry"]
[Black "Pingin, Artem"]
[Result "1-0"]
[WhiteElo "2595"]
[BlackElo "1761"]
[Annotator "TA"]
[PlyCount "83"]
[EventDate "2018.10.10"]
[EventType "swiss"]
[EventCountry "RUS"]
[SourceTitle "playchess.com"]
[Source "ChessBase"]
[SourceQuality "1"]

{[%evp 21,83,10,14,3,8,11,9,5,7,0,35,17,34,24,70,0,0,0,0,-4,119,96,189,162,645,630,751,763,749,638,910,346,882,636,649,666,644,647,617,586,829,789,818,810,798,837,845,836,856,845,849,831,1250,1196,29973,29976,29983,29984,29991,29992,29995,29996,29997,29998]} 1. d4 d5 2. c4 e6 3. Nf3 c6 4. Nbd2 Nf6 5. g3 Nbd7 6. Bg2 Be7 7. O-O O-O 8. Qc2 b6 9. e4 dxc4 10. Nxc4 Bb7 {E09: Closed Catalan: Main Line: 7 Qc2 c6 8 Nbd2} 11. Bg5 b5 {LiveBook: 8 Games} 12. Nce5 $146 ({Predecessor:} 12. Bxf6 Nxf6 13. Ncd2 Rc8 14. e5 Nd7 15. a4 {½-½ (15) Swiercz,D (2649)-Cori Tello,J (2660) Columbus 2017}) 12... c5 {The position is equal.} 13. Nxd7 Nxd7 14. Bxe7 Qxe7 15. Rfd1 cxd4 16. Nxd4 {And now Qc7 would win.} Rac8 17. Qd2 $36 {[%mdl 2048] White has good play.} Nf6 18. Nxb5 (18. e5 $1 $14 Ng4 19. Bxb7 Qxb7 20. Qe2) 18... Bxe4 $11 19. Bxe4 Nxe4 20. Qe3 Nc5 (20... Qb7 $11) 21. b4 Na6 {[#]} (21... Na4 $16) 22. a3 $1 $18 ({Less strong is} 22. Qxa7 Qxa7 23. Nxa7 Rc7 $14) ({Not} 22. Nxa7 Rc7 $14) 22... Qb7 $2 (22... Ra8 23. Rac1 Qb7) 23. Nd6 Qb8 24. Nxc8 Rxc8 25. Rac1 Nc7 26. Qe5 $2 {[#]} (26. Qc5) 26... h6 $2 (26... Nd5 27. Rc6 Qb7 28. Rxe6 fxe6) 27. Rd7 Nd5 28. Qxb8 Rxb8 29. Rxa7 {[%mdl 4096] Endgame KRR-KRN} g5 30. f3 f5 31. Re1 Rb6 32. Kf2 g4 33. fxg4 fxg4 34. Re4 h5 35. Re5 Nf6 36. Re7 Ra6 37. R7xe6 Rxa3 38. Rxf6 {White mates.} Ra2+ 39. Ke3 Rxh2 40. Re7 h4 41. Ra6 {[%cal Ra6a8]} Kf8 42. Rb7 {Precision: White = 67%, Black = 23%.} 1-0

[Event "RUS-chT Blitz Men 2018"]
[Site "Sochi"]
[Date "2018.10.10"]
[Round "15"]
[White "Antipov, Mikhail Al."]
[Black "Kuzmin, Roman"]
[Result "1-0"]
[WhiteElo "2593"]
[BlackElo "1855"]
[Annotator "TA"]
[PlyCount "54"]
[EventDate "2018.10.10"]
[EventType "swiss"]
[EventCountry "RUS"]
[SourceTitle "playchess.com"]
[Source "ChessBase"]
[SourceQuality "1"]

{[%evp 22,54,-14,-3,-5,-4,0,-10,461,467,560,553,618,618,591,597,655,594,584,579,610,371,561,553,516,421,1518,1502,1995,1925,1968,1784,2143,2027,1714]} 1. e4 e5 2. Nf3 Nc6 3. d4 exd4 4. Nxd4 Nf6 {[%cal Bg8f6,Bf6d5,Bd5b6][%mdl 32]} 5. Nxc6 bxc6 6. e5 Qe7 7. Qe2 Nd5 8. g3 g6 {[%cal Bg7g6,Bg6g5][%mdl 32] C45: Schottische Partie} 9. c4 Nb6 (9... Ba6 10. b3 Bg7 11. Bb2 O-O 12. Bg2 Rfe8 13. O-O Bxe5 14. Qxe5 Qxe5 15. Bxe5 Rxe5 16. cxd5 Bxf1 17. Kxf1 cxd5 18. Na3 c6 19. Rd1 Kf8 20. Bf3 a5 {½-½ (48) Salgado Lopez,I (2644)-Eljanov,P (2711) Riadh 2017}) 10. Bg2 Bg7 11. O-O O-O 12. Re1 {LiveBook: 3 Partien} Re8 {[%cal Re7e5]} 13. Bf4 g5 $146 ({Vorgänger:} 13... Ba6 14. Nd2 g5 15. Be3 Qxe5 16. Qg4 h6 {½-½ (47) Kosintseva,T (2457)-Sebag,M (2394) Istanbul 2003}) 14. Bd2 {[%cal Bf4d2,Bd2e1,Be1c3][%mdl 32]} Qxe5 $2 {[%mdl 8192]} (14... Ba6 $11 {und Schwarz steht sicher.}) 15. Qd1 $18 Qxe1+ 16. Bxe1 Bxb2 17. Bc3 Bxa1 18. Bxa1 {[#] jetzt Dd4 und aus.} d5 19. Nd2 Bf5 20. Nf3 {Droht Dd4 und aus.} f6 21. Qd4 Re6 (21... Nd7 $142 22. cxd5 Rab8 23. dxc6 Ne5) 22. h4 {Weiß steht klar auf Gewinn.} g4 23. Ng5 Rd6 (23... Re1+ $142 24. Kh2 Rf8) 24. c5 Rf8 25. cxd6 cxd6 26. Qf4 Bg6 27. Qxd6 {[#] Weiss will mit De6+ Matt setzen.} fxg5 1-0